000 00475nam a2200121Ia 4500
008 220620s9999||||xx |||||||||||||| ||und||
100 _aArmenta, Amada
245 0 _aProtect, Serve, and Deport
_bThe Rise of Policing as Immigration Enforcement
546 _aEnglish[eng]
650 _aLaw||Forensic Science||Law||Criminal Law||General||Social Science||Sociology||General
856 _uhttps://library.oapen.org/bitstream/20.500.12657/43726/1/external_content.pdf
942 _cEB
999 _c32162
_d32162